000 01247cam a2200445 4500
001 WS114110
008 010814n 000 0 eng u
035 _a(Sirsi) u114110
245 _aGovernment Office for the South East
520 _aWeb site for this government regional office. Includes pages on grants, housing, competitiveness, planning, regeneration, sustainable development and transport.
650 _aGOVERNMENT
650 _aREGIONAL OFFICES
650 _aGRANTS
650 _aHOUSING
650 _aPLANNING
650 _aREGENERATION
650 _aSUSTAINABLE DEVELOPMENT
650 _aTRANSPORT
650 _aTHAMES GATEWAY
650 _aSEEDA
650 _aSEERA
650 _aBERKSHIRE
650 _aSOUTH EAST
650 _aOXFORDSHIRE
650 _aBUCKINGHAMSHIRE
650 _aKENT
650 _aSURREY
650 _aEAST SUSSEX
650 _aWEST SUSSEX
650 _aHAMPSHIRE
650 _aISLE OF WIGHT
650 _aMILTON KEYNES
650 _aSOUTHAMPTON
650 _aPORTSMOUTH
650 _aMEDWAY TOWNS
650 _aBRIGHTON
690 _aLOCAL GOVERNMENT
856 4 0 _uhttps://www.go-se.gov.uk
_zView the website free of charge at www.go-se.gov.uk...
942 _n0
999 _c119821
_d119821